| 000 | 00410 a2200157 4500 | ||
|---|---|---|---|
| 020 | _a9789693705461 | ||
| 024 | _a9789693705461 | ||
| 082 | _a954.91 | ||
| 090 |
_c6890 _d6890 |
||
| 100 | _aJaved Jabbar | ||
| 245 |
_aPakistan anoki tashkeel anoki taqdeer . _cJaved Jabbar |
||
| 260 |
_aIslamabad _bNational book foundation. _c2011 |
||
| 300 | _a286p. | ||
| 500 | _aHard cover | ||
| 942 |
_aNBS _cBK _k954.91 JAB |
||
| 999 |
_c349229 _d349229 |
||